=LDR 00000nam 2200000 4500 =001 INLIS000000000045285 =005 20150114133459.0 =006 =007 =008 =020 ##$$a 978.602.8185.72-1 =035 ##$$0010-011500000000111 =040 ##$$a NBPDMAT =082 ##$$a 616.918 52 =090 ##$$a 616.918 52 Huf m =100 ##$$a Hufron Sofiyanto =245 ##$$a Mengenal bahaya demam berdarah / Hupron Sofiyhanto =260 ##$$a Bogor$bhorizon$c2010 =300 ##$$a iv, 58 hlm : ilus. 25 cm =500 ##$$a Bibliografi hlm : 56 =990 ##$$a 0001/BPAP-NTB/2016 =990 ##$$a 0001/BPAP-NTB/2016 =990 ##$$a 0001/BPAP-NTB/2016 =990 ##$$a 21602586/BPAP-NTB/2017 =990 ##$$a 21602587/BPAP-NTB/2017 =990 ##$$a 21602588/BPAP-NTB/2017 =990 ##$$a 21602589/BPAP-NTB/2017